000 00387cam a2200169 4500
001 D13540
008 090401t1910 xxu||||| |||| 00| 0 eng d
035 _a(Sirsi) u10228
041 _aeng
100 _aO`Donahue, T.A.
245 4 _aThe valuation of mineral property
260 _bCrosby Lockwood
_c1910
350 _a0
520 _aShelf 132
942 _n0
948 _c04/03/1997
999 _c86718
_d86718